[Event "Czechia KP-chTA 0607"]
[Site "Czech Republic"]
[Date "2007.01.21"]
[Round "6.6"]
[White "Stolz, Lubor"]
[Black "Mintel, Milan"]
[Result "1-0"]
[WhiteElo "1934"]
[BlackElo "1968"]
[PlyCount "55"]
[EventDate "2006.10.29"]
[EventType "team"]
[EventRounds "11"]
[EventCountry "CZE"]
[SourceTitle "EXT 2008"]
[Source "ChessBase"]
[SourceDate "2007.11.25"]
[SourceVersion "1"]
[SourceVersionDate "2007.11.25"]
[SourceQuality "1"]
[WhiteTeam "Zebrak"]
[BlackTeam "Uholicky"]
[WhiteTeamCountry "CZE"]
[BlackTeamCountry "CZE"]

1. d4 d5 2. c4 e6 3. Nf3 Nf6 4. a3 Be7 5. Bf4 0-0 6. e3 c5 7. dxc5 Bxc5 8. b4 Be7 9. Nc3 a6 10. c5 b6 11. cxb6 Qxb6 12. Na4 Qd8 13. Rc1 Nbd7 14. Bc7 Qe8 15. Ne5 Nxe5 16. Bxe5 Nd7 17. Bd4 e5 18. Bc5 Nxc5 19. Nxc5 Bxc5 20. Rxc5 Bb7 21. Be2 d4 22. exd4 Bxg2 23. Rg1 Bc6 24. Rxe5 Qd7 25. Bc4 Bb5 26. Bb3 Rac8 27. Qd2 Bc4 28. Rxg7+ 1-0

[Event "CZE-chT3A Middle 0506  "]
[Site "Czech Republic"]
[Date "2006.03.19"]
[Round "10.5"]
[White "Mintel, Milan"]
[Black "Kabat, Josef"]
[Result "0-1"]
[WhiteElo "1974"]
[BlackElo "1853"]
[PlyCount "132"]
[EventDate "2005.10.30"]
[EventType "team"]
[EventRounds "11"]
[EventCountry "CZE"]
[SourceTitle "EXT 2009"]
[Source "ChessBase"]
[SourceDate "2008.11.26"]
[SourceVersion "1"]
[SourceVersionDate "2008.11.26"]
[SourceQuality "1"]

1. d4 d5 2. Nf3 Nf6 3. e3 c5 4. Be2 e6 5. 0-0 Bd6 6. c4 dxc4 7. Bxc4 0-0 8. Nc3 Nc6 9. a3 Qe7 10. dxc5 Bxc5 11. b4 Bd6 12. Bb2 Ne5 13. Nxe5 Bxe5 14. Qe2 b6 15. Rac1 Bb7 16. Rfd1 Rfd8 17. f4 Bxc3 18. Bxc3 Rac8 19. Be5 Rxd1+ 20. Rxd1 Rd8 21. Rxd8+ Qxd8 22. Qd3 Qc8 23. b5 Bd5 24. Bxd5 Qc1+ 25. Kf2 Ng4+ 26. Kg3 Nxe5 27. fxe5 exd5 28. Qxd5 Qxe3+ 29. Qf3 Qxe5+ 30. Kf2 Qc5+ 31. Ke1 Qc8 32. Kd2 g6 33. Qc6 Qd8+ 34. Kc3 Qg5 35. h3 Qc1+ 36. Kb4 a5+ 37. Kb3 Qe3+ 38. Kb2 Kg7 39. Qd5 Kf6 40. Kb1 Qf2 41. Qd8+ Kg7 42. Qd5 h5 43. Qc6 g5 44. Qd5 Qe3 45. Kb2 f6 46. Qc6 Qd4+ 47. Kb1 Kf7 48. Kc2 Ke7 49. Qb7+ Ke6 50. Qc6+ Ke5 51. Qc7+ Kf5 52. Qh7+ Kf4 53. Qc7+ Ke3 54. Qg3+ Ke2 55. Qf3+ Ke1 56. Qxh5 Qc4+ 57. Kb2 Qxb5+ 58. Kc3 Qc5+ 59. Kb3 a4+ 60. Kb2 Qd4+ 61. Kb1 Qd3+ 62. Kb2 Qb3+ 63. Kc1 Qxa3+ 64. Kc2 Qb3+ 65. Kc1 Qc3+ 66. Kb1 a3 0-1

[Event "CZE-chT3A Middle 0506  "]
[Site "Czech Republic"]
[Date "2005.10.30"]
[Round "1.4"]
[White "Kopecky, Jiri"]
[Black "Mintel, Milan"]
[Result "0-1"]
[WhiteElo "1986"]
[BlackElo "1974"]
[PlyCount "120"]
[EventDate "2005.10.30"]
[EventType "team"]
[EventRounds "11"]
[EventCountry "CZE"]
[SourceTitle "EXT 2009"]
[Source "ChessBase"]
[SourceDate "2008.11.26"]
[SourceVersion "1"]
[SourceVersionDate "2008.11.26"]
[SourceQuality "1"]

1. e4 e5 2. Nf3 Nc6 3. d4 exd4 4. Nxd4 Nf6 5. Nc3 Bb4 6. Nxc6 bxc6 7. Bd3 d5 8. 0-0 0-0 9. exd5 cxd5 10. Ne2 Ne4 11. Be3 Bd6 12. Ng3 Be6 13. f4 f5 14. b3 Nxg3 15. hxg3 Qf6 16. Kf2 Bb4 17. Rh1 Bc3 18. Rb1 Bd4 19. Qf3 Rfe8 20. Bxd4 Qxd4+ 21. Qe3 Qc3 22. Rhe1 Bf7 23. Qf3 g6 24. Kf1 a6 25. Qf2 c5 26. Rxe8+ Rxe8 27. Bxa6 Ra8 28. Qe2 Qxg3 29. a4 Qxf4+ 30. Kg1 Qd4+ 31. Kh2 Re8 32. Qd3 Qe5+ 33. Kg1 c4 34. bxc4 dxc4 35. Qd7 Bd5 36. Rd1 Bf7 37. Qd4 Qe3+ 38. Kh2 Re4 39. Qxe3 Rxe3 40. Bb7 Ra3 41. Bc6 Ra2 42. c3 Ra3 43. Kg1 Rxc3 44. Ra1 Rd3 45. a5 c3 46. Rc1 Bd5 47. Bb5 Rd2 48. Rxc3 Rxg2+ 49. Kf1 Ra2 50. a6 Kg7 51. Rc7+ Kf6 52. Rxh7 g5 53. a7 g4 54. Rh6+ Ke5 55. Ra6 Rxa6 56. Bxa6 f4 57. Kg1 f3 58. Bc4 Ba8 59. Kf2 Kf4 60. Kg1 g3 0-1